000 00889nam a22002177a 4500
999 _c13631
_d13631
003 AR-CdUCM
008 190416b ||||| |||| 00| 0 spa d
040 _aMUNICIPALIDAD PROVINCIAL DEL CUSCO
_cBIBLIOTECA MUNICIPAL DEL CUSCO
082 _22ed.
_a869.5661 /
_bSA22
100 _aSánchez, Luis Alberto
_9401
245 _aIntroducción crítica a la literatura peruana /
260 _aLima :
_bP. L. Villanueva,
_c1974.
300 _a235 páginas ;
_c22 cm.
505 _aContenido: Sinopsis crítica de la literatura Peruana -- Preguntas y proposiciones iniciales -- Subcampos literarios según la índole del país -- Los factores primordiales -- La leyenda y la realidad ...
650 _aLiteratura peruana
_9169
650 _aHistoria y crítica
_95993
650 _aSiglo XX
_98
650 _aVida y costumbres sociales
_9857
942 _2ddc
_cLIBROS
945 _aachl
_d2019-04-16